Historia antigua de Europa : (Record no. 61728)

MARC details
000 -LEADER
fixed length control field 00644cam a2200193 4500
005 - DATE AND TIME OF LATEST TRANSACTION
control field 20160125134542.0
008 - FIXED-LENGTH DATA ELEMENTS--GENERAL INFORMATION
fixed length control field 160125b mx ||||| |||| 00| 0 spa d
050 04 - LIBRARY OF CONGRESS CALL NUMBER
Classification number D60
Item number H57 1994
245 #0 - TITLE STATEMENT
Title Historia antigua de Europa :
Remainder of title cristianización del imperio romano /
Statement of responsibility, etc Alfonso Mendiola Mejía, comp.
250 ## - EDITION STATEMENT
Edition statement 1a ed.
260 ## - PUBLICATION, DISTRIBUTION, ETC. (IMPRINT)
Place of publication, distribution, etc México :
Name of publisher, distributor, etc Universidad Iberoamericana, Departamento de historia,
Date of publication, distribution, etc 1994
300 ## - PHYSICAL DESCRIPTION
Extent 167 p. ;
Dimensions 24 cm.
440 ## - SERIES STATEMENT/ADDED ENTRY--TITLE
Title
490 ## - SERIES STATEMENT
Series statement Antologías Universitarias ;
Volume number/sequential designation 4
504 ## - BIBLIOGRAPHY, ETC. NOTE
Bibliography, etc Bibliografía: p. 171
650 #7 - SUBJECT ADDED ENTRY--TOPICAL TERM
Source of heading or term LEMB
Topical term or geographic name as entry element Historia antigua
700 1# - ADDED ENTRY--PERSONAL NAME
Personal name Mendiola Mejía, Alfonso,
Relator term comp.
942 ## - ADDED ENTRY ELEMENTS (KOHA)
Source of classification or shelving scheme Biblioteca del Cogreso de los Estados Unidos
Koha item type Libro
Holdings
Estado de pérdida Fuente de clasificación Estado del daño No para préstamo Ubicación permanente Ubicación actual Apartado o colección Fecha de adquisición Edición Dependencia de educación superior (DES) Área del conocimiento Clasificación Código de Barras Date last seen Número de copia Tipo de recurso Nota pública
  Biblioteca del Cogreso de los Estados Unidos     Biblioteca del Instituto de Investigaciones Históricas Biblioteca del Instituto de Investigaciones Históricas General 25/01/2016 1a ed. Humanidades Educación y Humanidades D60 H57 1994 IIH000013756 25/01/2016 C: 1 Libro GENERAL